书目信息 |
| 题名: |
国际经济法案例教程
|
|
| 作者: | 张丽英 主编 | |
| 分册: | ||
| 出版信息: | 北京 专利文献出版社 2006.01 |
|
| 页数: | 558页 | |
| 开本: | 21cm | |
| 丛书名: | 高等法学继续教育案例教程丛书 | |
| 单 册: | ||
| 中图分类: | D996 | |
| 科图分类: | ||
| 主题词: | 国际法 | |
| 电子资源: | ||
| ISBN: | 7-80011-535-6 | |
| 000 | 00647 nam 000229 | |
| 001 | 012000000831 | |
| 005 | 20070903094358.31 | |
| 010 | @a7-80011-535-6@dCNY29.00 | |
| 100 | @a20070714d2006 em y0chiy0121 ea | |
| 101 | @achi | |
| 102 | @aCN@b110000 | |
| 105 | @ay z 000yy | |
| 200 | 10 | @a国际经济法案例教程@9guo ji jing ji fa an li jiao cheng@f张丽英主编@Fzhang li ying zhu bian |
| 210 | @a北京@c专利文献出版社@d2006.01 | |
| 215 | @a558页@d21cm | |
| 225 | @a高等法学继续教育案例教程丛书 | |
| 606 | @a国际法 | |
| 690 | @aD996@v4 | |
| 701 | 0 | @a张丽英@9zhang li ying@4主编 |
| 801 | @aCN@c20070903 | |
| 901 | @a000001 | |
| 905 | @dD996@eZ130 | |
| 国际经济法案例教程/张丽英主编.-北京:专利文献出版社,2006.01 |
| 558页;21cm.-(高等法学继续教育案例教程丛书) |
| ISBN 7-80011-535-6:CNY29.00 |
| ● |
| 相关链接 |
|
|
|
正题名:国际经济法案例教程
索取号:D996/Z130
 
预约/预借
| 序号 | 登录号 | 条形码 | 馆藏地/架位号 | 状态 | 备注 |
| 1 | 642351 | 206423510 | 社科库509/509社科库 110排1列5层/ [索取号:D996/Z130] | 在馆 | |
| 2 | 642352 | 206423529 | 社科库509/509社科库 110排1列5层/ [索取号:D996/Z130] | 在馆 |